[Event "Berlin-ch Seniors op 25th"]
[Site "Berlin"]
[Date "2009.02.20"]
[Round "9"]
[White "Meljanicic, Jozo"]
[Black "Matuszewski, Joachim"]
[Result "0-1"]
[WhiteElo "1089"]
[BlackElo "1355"]
[PlyCount "30"]
[EventDate "2009.02.12"]
[EventType "swiss"]
[EventRounds "9"]
[EventCountry "GER"]
[SourceTitle "EXT 2022"]
[Source "ChessBase"]
[SourceDate "2021.10.06"]
[SourceVersion "1"]
[SourceVersionDate "2021.10.06"]
[SourceQuality "1"]

1. e4 c6 2. d4 d5 3. e5 Bf5 4. Nf3 e6 5. Bd3 Bxd3 6. Qxd3 Ne7 7. Bg5 Qb6 8. Qc3 Nf5 9. 0-0 h6 10. a3 hxg5 11. Nxg5 Nxd4 12. Rd1 Ne2+ 13. Kh1 Nxc3 14. bxc3 Qxf2 15. Rf1 Qxf1# 0-1

[Event "Berlin-ch Seniors op 25th"]
[Site "Berlin"]
[Date "2009.02.15"]
[Round "4"]
[White "Platow, Gerd"]
[Black "Matuszewski, Joachim"]
[Result "1/2-1/2"]
[WhiteElo "1454"]
[BlackElo "1355"]
[PlyCount "73"]
[EventDate "2009.02.12"]
[EventType "swiss"]
[EventRounds "9"]
[EventCountry "GER"]
[SourceTitle "EXT 2022"]
[Source "ChessBase"]
[SourceDate "2021.10.06"]
[SourceVersion "1"]
[SourceVersionDate "2021.10.06"]
[SourceQuality "1"]

1. e4 c6 2. Nc3 d5 3. d4 dxe4 4. Nxe4 Bf5 5. Ng3 Bg6 6. Nf3 h6 7. Bc4 e6 8. 0-0 Bd6 9. Re1 Nf6 10. c3 0-0 11. Ne5 Bh7 12. Nh5 Nxh5 13. Qxh5 Qf6 14. Bd2 Bxe5 15. Rxe5 Nd7 16. Re3 Bg6 17. Qe2 Rae8 18. d5 cxd5 19. Bxd5 Qd8 20. Bxb7 Qb6 21. Bf3 Qxb2 22. Qd1 Nf6 23. Qc1 Qb6 24. Qa3 Rd8 25. Be1 Nd5 26. Bxd5 Rxd5 27. c4 Rd7 28. h3 Rc8 29. Rc3 Rdc7 30. Rac1 Qd4 31. c5 Qd5 32. Qa5 Qg5 33. Qa4 Rxc5 34. Qd4 Rxc3 35. Rxc3 Rxc3 36. Bxc3 f6 37. Bd2 1/2-1/2

[Event "Berlin-ch Seniors op 24th"]
[Site "Berlin"]
[Date "2008.02.29"]
[Round "9"]
[White "Matuszewski, Joachim"]
[Black "Lilienthal, Georg"]
[Result "0-1"]
[WhiteElo "1347"]
[BlackElo "1148"]
[PlyCount "64"]
[EventDate "2008.02.21"]
[EventType "swiss"]
[EventRounds "9"]
[EventCountry "GER"]
[SourceTitle "EXT 2022"]
[Source "ChessBase"]
[SourceDate "2021.10.06"]
[SourceVersion "1"]
[SourceVersionDate "2021.10.06"]
[SourceQuality "1"]

1. b3 d5 2. Bb2 Nc6 3. e3 e5 4. d3 d4 5. exd4 Nxd4 6. Nf3 Bd6 7. Nxd4 exd4 8. Bxd4 Bf8 9. Bb2 Be6 10. Be2 Qg5 11. Bf3 0-0-0 12. Nd2 Bb4 13. c3 Bd6 14. Ne4 Qb5 15. c4 Qa5+ 16. Bc3 Bb4 17. Qd2 Bxc3 18. Nxc3 Qe5+ 19. Ne2 Qxa1+ 20. Nc1 Qe5+ 21. Ne2 Bf5 22. d4 Qf6 23. 0-0 Nh6 24. Nf4 Qxd4 25. Qc1 Rhe8 26. Nd5 Ng4 27. Qg5 g6 28. h3 Nxf2 29. Kh2 Qe5+ 30. g3 Nxh3 31. Qc1 Qe2+ 32. Bxe2 Rxe2+ 0-1

[Event "Berlin-ch Seniors op 24th"]
[Site "Berlin"]
[Date "2008.02.25"]
[Round "5"]
[White "Koeckeritz, Dieter"]
[Black "Matuszewski, Joachim"]
[Result "1/2-1/2"]
[WhiteElo "1607"]
[BlackElo "1347"]
[PlyCount "36"]
[EventDate "2008.02.21"]
[EventType "swiss"]
[EventRounds "9"]
[EventCountry "GER"]
[SourceTitle "EXT 2022"]
[Source "ChessBase"]
[SourceDate "2021.10.06"]
[SourceVersion "1"]
[SourceVersionDate "2021.10.06"]
[SourceQuality "1"]

1. d4 Nf6 2. Bf4 e6 3. e3 b6 4. Be2 Bb7 5. Bf3 c6 6. Ne2 d5 7. Nd2 Nbd7 8. 0-0 Be7 9. c4 0-0 10. a3 Re8 11. b4 Rc8 12. Rc1 h6 13. c5 bxc5 14. dxc5 Bf8 15. e4 dxe4 16. Nxe4 Nxe4 17. Bxe4 Nf6 18. Bf3 e5 1/2-1/2

[Event "Berlin-ch Seniors op 24th"]
[Site "Berlin"]
[Date "2008.02.23"]
[Round "3"]
[White "Schroeder, Wolfgang1"]
[Black "Matuszewski, Joachim"]
[Result "1-0"]
[WhiteElo "1609"]
[BlackElo "1347"]
[PlyCount "101"]
[EventDate "2008.02.21"]
[EventType "swiss"]
[EventRounds "9"]
[EventCountry "GER"]
[SourceTitle "EXT 2022"]
[Source "ChessBase"]
[SourceDate "2021.10.06"]
[SourceVersion "1"]
[SourceVersionDate "2021.10.06"]
[SourceQuality "1"]

1. d4 e6 2. c4 Nf6 3. Nf3 d6 4. Nc3 b6 5. e4 Be7 6. d5 exd5 7. exd5 0-0 8. Bd3 Bg4 9. 0-0 Nbd7 10. Bf4 Nh5 11. Bg3 Nxg3 12. fxg3 Ne5 13. Be2 Bxf3 14. gxf3 Bf6 15. Qd2 c5 16. Ne4 Be7 17. f4 Nd7 18. Bd3 Nf6 19. Qc2 Ng4 20. Rae1 Bf6 21. Nxf6+ Qxf6 22. Re4 Qh6 23. Rfe1 Nf6 24. Re7 Rfe8 25. Rxe8+ Rxe8 26. Rxe8+ Nxe8 27. Qa4 Kf8 28. Qc2 Nf6 29. Qe2 g6 30. Kg2 Qg7 31. h3 Nd7 32. Qf2 f5 33. g4 fxg4 34. hxg4 Qd4 35. Qxd4 cxd4 36. b4 Nf6 37. Kf3 Kg7 38. g5 Nh5 39. Ke4 Ng3+ 40. Kxd4 h5 41. gxh6+ Kxh6 42. c5 bxc5+ 43. bxc5 dxc5+ 44. Kxc5 Nh5 45. f5 g5 46. d6 Nf6 47. Kc6 g4 48. d7 Nxd7 49. Kxd7 g3 50. Bf1 Kg5 51. Ke6 1-0

[Event "Berlin-ch Seniors op 24th"]
[Site "Berlin"]
[Date "2008.02.21"]
[Round "1"]
[White "Schick, Albert"]
[Black "Matuszewski, Joachim"]
[Result "1-0"]
[WhiteElo "1786"]
[BlackElo "1347"]
[PlyCount "59"]
[EventDate "2008.02.21"]
[EventType "swiss"]
[EventRounds "9"]
[EventCountry "GER"]
[SourceTitle "EXT 2022"]
[Source "ChessBase"]
[SourceDate "2021.10.06"]
[SourceVersion "1"]
[SourceVersionDate "2021.10.06"]
[SourceQuality "1"]

1. e4 c6 2. d4 d5 3. e5 Bf5 4. g4 Bg6 5. h4 h6 6. h5 Bh7 7. e6 fxe6 8. Bd3 Nf6 9. Bxh7 Nxh7 10. Nf3 Nd7 11. Qd3 Qc7 12. Qg6+ Kd8 13. Qxe6 Qd6 14. Qf5 Qf6 15. Ne5 Nxe5 16. dxe5 Qxf5 17. gxf5 Kc7 18. e6 Nf6 19. Bf4+ Kb6 20. Nc3 d4 21. Na4+ Kb5 22. b3 Nd5 23. Be5 Nb4 24. 0-0-0 c5 25. Kb2 Rd8 26. c3 Nc6 27. c4+ Ka6 28. Nxc5+ Kb6 29. Nd7+ Ka6 30. Bc7 1-0

[Event "Berlin-ch Seniors op 21st"]
[Site "Berlin"]
[Date "2005.02.04"]
[Round "8"]
[White "Matuszewski, Joachim"]
[Black "Bolle, Dietrich"]
[Result "1/2-1/2"]
[WhiteElo "1375"]
[BlackElo "1471"]
[PlyCount "44"]
[EventDate "2005.01.28"]
[EventType "swiss"]
[EventRounds "9"]
[EventCountry "GER"]
[SourceTitle "EXT 2007"]
[Source "ChessBase"]
[SourceDate "2006.11.23"]
[SourceVersion "1"]
[SourceVersionDate "2006.11.23"]
[SourceQuality "1"]

1. d4 Nf6 2. c4 e6 3. Nc3 Bb4 4. Bd2 c5 5. e3 d5 6. Nf3 0-0 7. Be2 Nc6 8. 0-0 cxd4 9. Nxd4 Nxd4 10. exd4 dxc4 11. Bg5 Be7 12. Bxc4 a6 13. Be2 h6 14. Bf4 Nd5 15. Be3 Rb8 16. Nxd5 Qxd5 17. Bf3 Qb5 18. Qc2 Bd7 19. Be2 Qc6 20. Rfc1 Qxc2 21. Rxc2 Rbc8 22. Rac1 Bc6 1/2-1/2

[Event "Berlin-ch Seniors op 21st"]
[Site "Berlin"]
[Date "2005.02.02"]
[Round "6"]
[White "Roeckendorf, Uwe"]
[Black "Matuszewski, Joachim"]
[Result "1/2-1/2"]
[WhiteElo "1555"]
[BlackElo "1375"]
[PlyCount "45"]
[EventDate "2005.01.28"]
[EventType "swiss"]
[EventRounds "9"]
[EventCountry "GER"]
[SourceTitle "EXT 2007"]
[Source "ChessBase"]
[SourceDate "2006.11.23"]
[SourceVersion "1"]
[SourceVersionDate "2006.11.23"]
[SourceQuality "1"]

1. e4 c6 2. d4 d5 3. e5 Bf5 4. Nf3 e6 5. Bd3 Bxd3 6. Qxd3 c5 7. c3 cxd4 8. cxd4 Bb4+ 9. Nc3 Nc6 10. 0-0 Nge7 11. Bg5 Bxc3 12. Qxc3 0-0 13. Rac1 Rc8 14. Qd2 Qd7 15. Be3 Nf5 16. a3 Nxe3 17. Qxe3 Ne7 18. Ng5 Nf5 19. Qh3 h6 20. Nf3 Rc4 21. Rfd1 Rfc8 22. Rxc4 Rxc4 23. g4 1/2-1/2

[Event "GER Seniors Derby 02nd"]
[Site "Wesel/Heidelust"]
[Date "2003.03.15"]
[Round "5"]
[White "Zoefel, Dieter"]
[Black "Matuszewski, Joachim"]
[Result "1-0"]
[WhiteElo "1415"]
[BlackElo "1419"]
[PlyCount "83"]
[EventDate "2003.03.13"]
[EventType "swiss"]
[EventRounds "7"]
[EventCountry "GER"]
[SourceTitle "EXT 2006"]
[Source "ChessBase"]
[SourceDate "2005.11.24"]
[SourceVersion "1"]
[SourceVersionDate "2005.11.24"]
[SourceQuality "1"]

1. e4 c6 2. Nc3 d5 3. exd5 cxd5 4. d4 Nf6 5. h3 e6 6. Nf3 Nc6 7. Bb5 Bd7 8. a3 h6 9. Bf4 Be7 10. 0-0 0-0 11. Re1 Rc8 12. Qd2 Nh7 13. Bd3 f5 14. Re2 Qb6 15. b3 Nxd4 16. Nxd4 Qxd4 17. Be5 Qb6 18. b4 Bf6 19. Bxf6 Nxf6 20. Na2 Rfe8 21. Re3 e5 22. Rg3 Nh5 23. Re3 e4 24. Be2 d4 25. Bxh5 dxe3 26. Qxd7 exf2+ 27. Kh1 Red8 28. Qf7+ Kh8 29. Qxf5 e3 30. c3 Rf8 31. Qd3 Rcd8 32. Qf1 Rd2 33. Be2 Qe6 34. Nc1 Rfd8 35. Nd3 Qd6 36. Rd1 Rxd1 37. Qxd1 Qg3 38. Bf3 Qd6 39. Be2 Qg3 40. Bf3 Rxd3 41. Qxd3 f1Q+ 42. Qxf1 1-0